000 00212nam a2200097Ia 4500
008 240331s9999 xx 000 0 und d
082 _bELA
100 _aElam, D
245 0 _aFeminism and deconstruction
942 _cL
999 _c1937
_d1937